[Event "Open Semana Santa 2023"]
[Site "?"]
[Date "2023.04.05"]
[Round "1.125"]
[White "Jordan Martinez, Miguel"]
[Black "Pousada Estevez, Daniel"]
[Result "1-0"]
[WhiteElo "2186"]
[BlackElo "1580"]
[PlyCount "49"]

1. e4 c5 2. Nf3 e6 3. c4 Nc6 4. Nc3 Nf6 5. Be2 Be7 6. O-O O-O 7. d4 cxd4 8.
Nxd4 d5 9. exd5 exd5 10. Nxc6 bxc6 11. cxd5 cxd5 12. Be3 Be6 13. Bf3 Rb8 14.
Bd4 Qa5 15. Qd2 Qb4 16. Rfd1 Rfd8 17. Bxa7 Rbc8 18. Bd4 Qb7 19. Qe2 Ne4 20.
Nxe4 dxe4 21. Bxe4 Qb4 22. Bc3 Rxd1+ 23. Rxd1 Qc5 24. a3 h5 25. Bb4 1-0

[Event "Open Semana Santa 2023"]
[Site "?"]
[Date "2023.04.05"]
[Round "1.126"]
[White "Burriel Ureta, Raul"]
[Black "FM Cano Gimenez, Vicente"]
[Result "0-1"]
[WhiteElo "1579"]
[BlackElo "2180"]
[PlyCount "52"]

1. e4 c5 2. Nf3 g6 3. d3 Bg7 4. g3 Nc6 5. Bg2 e6 6. O-O Nge7 7. Nbd2 O-O 8. Re1
d6 9. h4 h5 10. Nf1 Kh7 11. c3 e5 12. Bd2 Be6 13. Ne3 Qd7 14. Qc2 Rad8 15. Rad1
f5 16. c4 f4 17. Nd5 fxg3 18. Re3 gxf2+ 19. Kxf2 Nd4 20. Qc1 Nxd5 21. cxd5 Bg4
22. Rf1 Bxf3 23. Bxf3 Qh3 24. Qd1 Nxf3 25. Rxf3 Rxf3+ 26. Qxf3 Rf8 0-1

[Event "Open Semana Santa 2023"]
[Site "?"]
[Date "2023.04.05"]
[Round "1.128"]
[White "Rouiller, Leonard"]
[Black "FM Tytynnik, Artem"]
[Result "0-1"]
[WhiteElo "1573"]
[BlackElo "2164"]
[PlyCount "80"]

1. e4 c5 2. Nf3 d6 3. c3 Nf6 4. h3 Nc6 5. Bd3 g6 6. Bc2 Bg7 7. d4 O-O 8. O-O
Nd7 9. Re1 cxd4 10. cxd4 Qb6 11. Nbd2 Nxd4 12. Nc4 Nxf3+ 13. Qxf3 Ne5 14. Nxe5
Bxe5 15. Bh6 Bg7 16. Bxg7 Kxg7 17. Bb3 Be6 18. Bxe6 fxe6 19. Qc3+ e5 20. Re2
Rac8 21. Qd2 Rc4 22. Rc1 Rxc1+ 23. Qxc1 Qa6 24. Qc2 Qxa2 25. Qc7 Qa6 26. Re3
Qa1+ 27. Kh2 Qxb2 28. Qxe7+ Rf7 29. Qxd6 Rxf2 30. Qe7+ Rf7 31. Qc5 Qd4 32. Qa3
b5 33. Qb3 b4 34. Rf3 Rxf3 35. gxf3 Qf2+ 36. Kh1 a5 37. Qd3 Kh6 38. h4 a4 39.
Qd8 Qxf3+ 40. Kg1 Qf4 0-1

[Event "Open Semana Santa 2023"]
[Site "?"]
[Date "2023.04.05"]
[Round "1.129"]
[White "FM Eizaguerri Floris, Maria"]
[Black "Mansor Habash, Zouheir"]
[Result "1-0"]
[WhiteElo "2161"]
[BlackElo "1570"]
[PlyCount "65"]

1. e4 c5 2. Nf3 e6 3. d4 cxd4 4. Nxd4 Nc6 5. Nc3 Nf6 6. Nxc6 bxc6 7. e5 Nd5 8.
Ne4 f5 9. exf6 Nxf6 10. Nd6+ Bxd6 11. Qxd6 Ba6 12. Bxa6 Qa5+ 13. Bd2 Qxa6 14.
Bb4 Nd5 15. Ba3 Qa5+ 16. c3 Rd8 17. O-O-O Kf7 18. c4 Nb6 19. Rd4 Rhe8 20. f4
Nc8 21. Qe5 d5 22. c5 Ne7 23. Qh5+ Kg8 24. g4 Rb8 25. Rf1 g6 26. Qe5 Kf7 27. h4
Rb5 28. Re1 Ng8 29. f5 Rxc5+ 30. Bxc5 Qxc5+ 31. Kb1 Qb5 32. fxe6+ Kf8 33. Rf4+
1-0

[Event "Open Semana Santa 2023"]
[Site "?"]
[Date "2023.04.05"]
[Round "1.130"]
[White "Pardo Ruiz, Beatriz"]
[Black "Cubillo Munoz, Miguel"]
[Result "0-1"]
[WhiteElo "1570"]
[BlackElo "2161"]
[PlyCount "104"]

1. e4 c5 2. Nf3 g6 3. d4 cxd4 4. Nxd4 Bg7 5. Nc3 Nc6 6. Be3 Nf6 7. Be2 O-O 8.
O-O d5 9. exd5 Nxd5 10. Nxd5 Qxd5 11. Bf3 Qc4 12. Nxc6 bxc6 13. c3 e5 14. Qb3
Qa6 15. Rfe1 Be6 16. Be2 Qa5 17. Qc2 c5 18. Red1 Rfd8 19. b3 f5 20. f3 h6 21.
Bd2 c4 22. b4 Qb6+ 23. Kh1 Qf2 24. Bc1 Rxd1+ 25. Qxd1 e4 26. Bb2 e3 27. Qc2 Be5
28. g3 Bd5 29. Bxc4 Bxc4 30. Qxf2 exf2 31. Kg2 f1=Q+ 32. Rxf1 Bxf1+ 33. Kxf1
Rc8 34. Ke2 Bxc3 35. Bxc3 Rxc3 36. a4 Rc4 37. Kd3 Rxb4 38. a5 Ra4 39. Kc3 Rxa5
40. Kb4 Ra1 41. Kc4 Rb1 42. g4 fxg4 43. fxg4 a5 44. h4 a4 45. h5 gxh5 46. gxh5
a3 47. Kd5 a2 48. Ke4 a1=Q 49. Kd3 Rb4 50. Kc2 Qa3 51. Kd2 Rb2+ 52. Kc1 Qa1#
0-1

[Event "Open Semana Santa 2023"]
[Site "?"]
[Date "2023.04.05"]
[Round "1.131"]
[White "Kolas, Tore"]
[Black "Bethencourt Hernandez, Valeria"]
[Result "1/2-1/2"]
[WhiteElo "2159"]
[BlackElo "1564"]
[PlyCount "121"]

1. Nf3 Nf6 2. g3 g6 3. Bg2 Bg7 4. d4 O-O 5. O-O d6 6. Re1 c6 7. e4 Re8 8. a4
Nbd7 9. e5 dxe5 10. dxe5 Nd5 11. a5 Nc5 12. Bd2 Bf5 13. Nd4 Bd7 14. c4 Nc7 15.
Bc3 N5e6 16. Nb3 Na6 17. N1d2 Nac5 18. Qe2 Qc7 19. Qe3 Nxb3 20. Nxb3 Red8 21.
h4 h5 22. Nd2 c5 23. a6 Bc6 24. axb7 Qxb7 25. Bxc6 Qxc6 26. Qf3 Qxf3 27. Nxf3
Bh6 28. Red1 Rxd1+ 29. Rxd1 Rd8 30. Rxd8+ Nxd8 31. Kf1 Kf8 32. Ke2 Ke8 33. Kd3
Kd7 34. Ke4 e6 35. Ne1 Nc6 36. Nd3 Bf8 37. Bd2 Nb4 38. Ne1 Be7 39. Be3 Kc6 40.
Nf3 Nc2 41. Bg5 Bf8 42. Bd2 Be7 43. Bg5 Bf8 44. Kd3 Nb4+ 45. Kc3 Na6 46. Nd2
Nb8 47. Be3 Nd7 48. Nf3 Bg7 49. Bf4 a5 50. Kd3 f6 51. Ke4 a4 52. exf6 Nxf6+ 53.
Kd3 Ng4 54. Kc2 Nxf2 55. Be5 Bh6 56. Bc3 Ng4 57. Kd3 Nf2+ 58. Ke2 Ng4 59. Kd3
Nf2+ 60. Ke2 Ng4 61. Kd3 1/2-1/2

[Event "Open Semana Santa 2023"]
[Site "?"]
[Date "2023.04.05"]
[Round "1.132"]
[White "Serrano Requena, Guillem"]
[Black "Zielonka, Adam"]
[Result "0-1"]
[WhiteElo "1563"]
[BlackElo "2156"]
[PlyCount "106"]

1. d4 Nf6 2. Bg5 c6 3. Bxf6 exf6 4. e3 g6 5. g3 Bg7 6. Bg2 d5 7. Ne2 h5 8. Nd2
O-O 9. O-O f5 10. Rc1 Nd7 11. c4 dxc4 12. Nxc4 Nb6 13. b3 Re8 14. Re1 Nd5 15.
Nb2 Bf8 16. Nd3 Nb4 17. Nxb4 Bxb4 18. Rf1 Qa5 19. Qc2 Bd7 20. Nf4 Rac8 21. Rfd1
b6 22. Qb1 Red8 23. Nd3 Bd6 24. Nb2 Qa6 25. Nc4 Bb8 26. Qb2 Be6 27. Na3 Bd5 28.
f3 Re8 29. Nc2 Qb7 30. Nb4 Rxe3 31. Nxd5 cxd5 32. Rxc8+ Qxc8 33. Rc1 Qe6 34.
Kf2 f4 35. Qc2 Kg7 36. Bf1 Qf6 37. Rd1 Qg5 38. Kg1 fxg3 39. h3 Rxf3 40. Qe2 Rf2
41. Qe1 Rxa2 42. Bg2 Qf5 43. Rd2 Rxd2 44. Qxd2 Qb1+ 45. Bf1 Qxb3 46. h4 Qf3 47.
Bg2 Qf4 48. Qb2 Qe3+ 49. Kf1 Qd3+ 50. Ke1 Bf4 51. Bf1 Qe4+ 52. Kd1 Be3 53. Bg2
Qd3+ 0-1

[Event "Open Semana Santa 2023"]
[Site "?"]
[Date "2023.04.05"]
[Round "1.134"]
[White "Torres Rebolledo, Marcos"]
[Black "Ribera Cebolla, Marc"]
[Result "1/2-1/2"]
[WhiteElo "1557"]
[BlackElo "2153"]
[PlyCount "56"]

1. d4 d5 2. c4 c6 3. Nc3 Nf6 4. cxd5 cxd5 5. Bf4 a6 6. e3 Nbd7 7. Bd3 e6 8. Nf3
Be7 9. O-O O-O 10. Rc1 Nh5 11. Bg3 Nxg3 12. hxg3 b5 13. a3 Bb7 14. Qd2 f5 15.
Rc2 Bd6 16. Ne2 Qf6 17. Rfc1 g5 18. Rc7 Bxc7 19. Rxc7 Bc8 20. Qc3 Rb8 21. Qc6
g4 22. Ne5 Nxe5 23. dxe5 Qxe5 24. Qc5 Re8 25. Qa7 Ra8 26. Qc5 Rb8 27. Qa7 Ra8
28. Qc5 Rb8 1/2-1/2

[Event "Open Semana Santa 2023"]
[Site "?"]
[Date "2023.04.05"]
[Round "1.135"]
[White "Hercegovac, Neven"]
[Black "Kiryttopoulos, Panagiotis Aris"]
[Result "1/2-1/2"]
[WhiteElo "2153"]
[BlackElo "1556"]
[PlyCount "62"]

1. e4 c5 2. Nf3 e6 3. Nc3 Nc6 4. d4 cxd4 5. Nxd4 Nf6 6. g3 Bb4 7. Bg2 d5 8.
exd5 exd5 9. O-O O-O 10. Bg5 Bxc3 11. bxc3 Be6 12. Nxe6 fxe6 13. Qe2 Re8 14.
Rfe1 h6 15. Be3 Qa5 16. c4 Rad8 17. Reb1 Qa6 18. Bf1 d4 19. Bd2 b6 20. Bg2 Rc8
21. Rb5 e5 22. a4 e4 23. Bh3 Rcd8 24. Qf1 d3 25. Bc3 Nd4 26. cxd3 exd3 27. Bxd4
Rxd4 28. Rd1 Qxa4 29. Rxd3 Qxc4 30. Rxd4 Qxd4 31. Rb1 Rf8 1/2-1/2

[Event "Open Semana Santa 2023"]
[Site "?"]
[Date "2023.04.05"]
[Round "1.136"]
[White "Zoukou, Ylann"]
[Black "Serrano Almendros, Alejandro"]
[Result "0-1"]
[WhiteElo "1555"]
[BlackElo "2151"]
[PlyCount "48"]
[EventDate "2023.??.??"]

1. e4 e6 2. d4 d5 3. Nc3 Nf6 4. e5 Nfd7 5. f4 c5 6. Nf3 Nc6 7. Be3 Be7 8. Qd2
O-O 9. O-O-O c4 10. h4 b5 11. g4 b4 12. Na4 Qa5 13. b3 Nb6 14. c3 Nxa4 15. bxa4
bxc3 16. Qe2 Ba3+ 17. Kb1 Rb8+ 18. Ka1 Rb2 19. Bd2 cxd2 20. Rxd2 Nxd4 21. Rxb2
Nxe2 22. Rxe2 Qc3+ 23. Kb1 Qd3+ 24. Rc2 Qd1+ 0-1

[Event "Open Semana Santa 2023"]
[Site "?"]
[Date "2023.04.05"]
[Round "5.137"]
[White "Hernandez Leon, Sergio"]
[Black "Gutierrez Lupion, Nuria"]
[Result "1/2-1/2"]
[WhiteElo "2151"]
[BlackElo "1551"]
[PlyCount "72"]

1. Nf3 d5 2. b3 Nf6 3. Bb2 e6 4. c4 c6 5. e3 Be7 6. Nc3 O-O 7. Qc2 Nbd7 8. Rg1
Nc5 9. d3 Qc7 10. g4 Rd8 11. d4 Ncd7 12. Bd3 g6 13. g5 Nh5 14. cxd5 cxd5 15.
Nxd5 Qa5+ 16. Nc3 b6 17. a3 b5 18. Bxb5 Bb7 19. Be2 Rac8 20. Nd2 Ng7 21. Nc4
Qc7 22. f4 Nf5 23. Rc1 Nb6 24. Qd2 Ba6 25. Nxb6 Qxb6 26. b4 Bxe2 27. Nxe2 Qb7
28. Kf2 Nh4 29. Rg3 Rxc1 30. Nxc1 Qh1 31. Ne2 Qxh2+ 32. Kf1 Rc8 33. Qd3 Qh1+
34. Kf2 Qh2+ 35. Kf1 Qh1+ 36. Kf2 Qh2+ 1/2-1/2

[Event "Open Semana Santa 2023"]
[Site "?"]
[Date "2023.04.05"]
[Round "1.138"]
[White "Grueso Vano, Oscar"]
[Black "Iglesias Ferreira, Andres"]
[Result "0-1"]
[WhiteElo "1548"]
[BlackElo "2150"]
[PlyCount "128"]

1. e4 c5 2. Nf3 d6 3. d4 cxd4 4. Nxd4 Nf6 5. Nc3 a6 6. f3 e5 7. Nb3 Be7 8. Be3
Be6 9. Qd2 h5 10. O-O-O Nbd7 11. Be2 Rc8 12. Kb1 b5 13. Rhg1 Qc7 14. h3 b4 15.
Nd5 Nxd5 16. exd5 Bxd5 17. Bxa6 Bb7 18. Bxb7 Qxb7 19. f4 Ra8 20. g4 hxg4 21.
Rxg4 g6 22. h4 Nf6 23. Rgg1 Rxh4 24. fxe5 dxe5 25. Qd3 Rd8 26. Qe2 Rxd1+ 27.
Rxd1 Rh1 28. Rxh1 Qxh1+ 29. Nc1 Qe4 30. Qb5+ Nd7 31. Bd2 f5 32. Nd3 f4 33. Nxe5
Qxe5 34. Qxe5 Nxe5 35. Bxf4 Nc6 36. Kc1 Kd7 37. Kd2 Ke6 38. c3 Kf5 39. Bc7
bxc3+ 40. Kxc3 Bf6+ 41. Kc4 Bxb2 42. a4 Be5 43. Bb6 Ke4 44. a5 Bb8 45. Kb5 Kd5
46. Be3 Nd4+ 47. Kb6 Bd6 48. a6 Bc5+ 49. Kb7 Nc6 50. Bf4 Nd8+ 51. Kb8 Bd6+ 52.
Kc8 Nc6 53. Be3 Bc5 54. Bg5 Bd4 55. Kb7 Na5+ 56. Kb8 Kd6 57. Bf4+ Kd7 58. Bd2
Be5+ 59. Ka8 Nc4 60. Kb7 Nd6+ 61. Ka8 Kc8 62. Be3 Nc4 63. Bc1 Bb8 64. Be3 Nxe3
0-1

[Event "Open Semana Santa 2023"]
[Site "?"]
[Date "2023.04.05"]
[Round "1.139"]
[White "Nunez Miranda, Adrian"]
[Black "San Vicente Crespo, Pablo"]
[Result "1/2-1/2"]
[WhiteElo "2142"]
[BlackElo "1547"]
[PlyCount "69"]

1. b3 d5 2. Bb2 Nf6 3. e3 c5 4. Nf3 Nc6 5. Bb5 a6 6. Bxc6+ bxc6 7. h3 e6 8. Ne5
Bd6 9. O-O O-O 10. f4 Nd7 11. Qg4 Nxe5 12. fxe5 Be7 13. Nc3 Rb8 14. Ba3 Qc7 15.
Qf4 Qa5 16. Qa4 Qc7 17. Qf4 Qa5 18. Bb2 c4 19. Rf2 c5 20. Ne2 cxb3 21. axb3 Qb4
22. d4 Qb7 23. dxc5 Bxc5 24. Ng3 Qa7 25. Rf3 Rb4 26. c4 Rxb3 27. Bd4 Bxd4 28.
exd4 Rxf3 29. gxf3 dxc4 30. Nh5 Qe7 31. Qg4 g6 32. Nf6+ Kg7 33. Qg5 Qd8 34. Rd1
Bb7 35. Nh5+ 1/2-1/2

[Event "Open Semana Santa 2023"]
[Site "?"]
[Date "2023.04.05"]
[Round "1.140"]
[White "Sanchez Villodres, Mario"]
[Black "Jordan Martinez, David"]
[Result "0-1"]
[WhiteElo "1538"]
[BlackElo "2137"]
[Annotator "Usuario"]
[PlyCount "110"]

1. d4 Nf6 2. c4 e6 3. Nf3 Bb4+ 4. Bd2 Qe7 5. g3 O-O 6. Bg2 Bxd2+ 7. Nfxd2 Nc6
8. e3 e5 9. d5 Nb8 10. e4 d6 11. O-O a5 12. Nc3 Na6 13. a3 Bg4 14. Qc2 c6 15.
Rac1 Rfc8 16. Qb1 Nc5 17. f3 Bd7 18. b4 axb4 19. axb4 Na4 20. Nxa4 Rxa4 21. Qb2
h5 22. Ra1 Rxa1 23. Rxa1 cxd5 24. cxd5 Bb5 25. Rc1 Qd8 26. Nb3 Qb6+ 27. Kh1
Rxc1+ 28. Qxc1 Kh7 29. Na5 $11 Ba6 30. Qe1 Qd4 31. b5 Bxb5 32. Nxb7 Qb6 33. Na5
Nd7 34. Nb3 Bc4 35. Nd2 Ba6 36. Bf1 Nc5 37. Bxa6 Qxa6 38. Qf1 Nd3 39. Nb3 Qc4
40. Nd2 Qc2 41. Nb1 Nf2+ 42. Kg1 Nd1 43. Na3 Qc5+ 44. Kh1 Ne3 45. Qa1 g5 46. h3
Qb4 47. Qc1 Qb3 48. Kg1 Qd3 49. Kf2 Nd1+ 50. Ke1 Nc3 51. Qd2 Qxf3 52. Nc4 Qxg3+
53. Kf1 Qxh3+ 54. Kg1 Qg3+ 55. Kf1 Nxe4 0-1

[Event "Open Semana Santa 2023"]
[Site "?"]
[Date "2023.04.05"]
[Round "1.141"]
[White "Laverton, Christian"]
[Black "Ibanez Valentin, Gabriel"]
[Result "1-0"]
[WhiteElo "2137"]
[BlackElo "1537"]
[PlyCount "87"]

1. d4 d5 2. c4 c6 3. Nf3 Nf6 4. e3 Bf5 5. Nc3 e6 6. Nh4 Bg6 7. Be2 Nbd7 8. O-O
Bd6 9. g3 O-O 10. Nxg6 hxg6 11. c5 Be7 12. b4 b6 13. Bd2 a5 14. a3 axb4 15.
axb4 b5 16. Qc2 Qc7 17. Ra2 Ra7 18. Rfa1 Rfa8 19. Bd3 e5 20. Qb2 e4 21. Bf1 Nh7
22. Ne2 Ng5 23. Nc1 Nf3+ 24. Kg2 g5 25. h3 f5 26. Be2 g4 27. Bxf3 exf3+ 28. Kh2
Kf7 29. Rxa7 Rxa7 30. Nd3 g5 31. hxg4 fxg4 32. Rxa7 Qxa7 33. Qb1 Qb8 34. Ne1
Qh8+ 35. Kg1 Kf6 36. e4 Nb8 37. e5+ Kg7 38. Qf5 Qh7 39. Qxg4 Qe4 40. Qe6 Bf8
41. Qf6+ Kg8 42. Qxg5+ Kf7 43. Qf4+ Ke8 44. Nxf3 1-0

[Event "Open Semana Santa 2023"]
[Site "?"]
[Date "2023.04.05"]
[Round "1.142"]
[White "Ainsa Jimenez, Lucas"]
[Black "Ontanon Gomez, Pablo"]
[Result "0-1"]
[WhiteElo "1533"]
[BlackElo "2136"]
[PlyCount "132"]
[EventDate "2023.??.??"]

1. e4 c5 2. Nf3 Nc6 3. d4 cxd4 4. Nxd4 g6 5. Nc3 Bg7 6. Be3 Nf6 7. f3 O-O 8.
Qd2 d5 9. O-O-O dxe4 10. Nxc6 Qxd2+ 11. Rxd2 bxc6 12. fxe4 Ng4 13. Bc5 Bh6 14.
h3 Ne3 15. Rd3 Nxf1+ 16. Kd1 Ba6 17. Rxf1 Bxd3 18. cxd3 Rfd8 19. Kc2 Rd7 20. e5
Rad8 21. Rf3 Bg7 22. d4 Rb7 23. Ne4 h6 24. h4 Rd5 25. b4 Rxb4 26. Bxb4 Rxd4 27.
Rf4 Bxe5 28. Bc3 Rd5 29. Bxe5 Rxe5 30. Kd3 Rd5+ 31. Kc4 f5 32. Nc3 e5 33. Rf3
Rd4+ 34. Kc5 Rxh4 35. Kxc6 Rd4 36. a4 f4 37. a5 g5 38. a6 g4 39. Rf2 Rc4+ 40.
Kb7 Rxc3 41. Kxa7 Rb3 42. Ka8 Kg7 43. Rc2 Kg6 44. a7 Kf5 45. Rc6 Rb2 46. g3 Ra2
47. gxf4 exf4 48. Rc5+ Ke4 49. Rc4+ Kf3 50. Rc3+ Kg2 51. Rb3 Rxa7+ 52. Kxa7 f3
53. Rb4 g3 54. Rh4 f2 55. Rxh6 f1=Q 56. Rb6 Qf2 57. Ka8 Qf3+ 58. Ka7 Kf2 59.
Rb2+ Qe2 60. Rb6 g2 61. Rf6+ Qf3 62. Rb6 g1=Q 63. Rb3 Qa1+ 64. Kb6 Qxb3+ 65.
Kc5 Qe5+ 66. Kc6 Qbb5# 0-1

[Event "Open Semana Santa 2023"]
[Site "?"]
[Date "2023.04.05"]
[Round "1.143"]
[White "Ereza Vizcarra, Fernando"]
[Black "Valverde Lopez, Francisco Leopol"]
[Result "1-0"]
[WhiteElo "2131"]
[BlackElo "1525"]
[PlyCount "87"]

1. Nf3 Nc6 2. d4 e6 3. g3 Nge7 4. Bg2 d5 5. O-O Ng6 6. Nbd2 Be7 7. e4 dxe4 8.
Nxe4 b6 9. c4 Bb7 10. Nc3 Rb8 11. Be3 O-O 12. h4 Re8 13. Qe2 Qc8 14. Rfd1 Bf8
15. Rac1 a5 16. a3 Na7 17. Qc2 Bxf3 18. Bxf3 c6 19. Ne4 h6 20. Bh5 Be7 21. Bxg6
fxg6 22. Nd2 Kf7 23. Nf3 Bf6 24. g4 e5 25. Nh2 Bxh4 26. dxe5 Qe6 27. f4 Nc8 28.
Qe4 Bg3 29. Qf3 Bxh2+ 30. Kxh2 Kg8 31. Bd4 c5 32. Bc3 Rf8 33. Kg3 Qxc4 34. Rd7
Qe6 35. Rcd1 a4 36. Qd5 Qxd5 37. R1xd5 Re8 38. e6 Ne7 39. Rd3 Kf8 40. Be5 Rbc8
41. Rb7 Rc6 42. Bd6 b5 43. Bxe7+ Rxe7 44. Rd8+ 1-0

[Event "Open Semana Santa 2023"]
[Site "?"]
[Date "2023.04.05"]
[Round "1.145"]
[White "WFM Rodriguez Redondo, Adhara"]
[Black "Sanchez Lake, Alvaro"]
[Result "1-0"]
[WhiteElo "2126"]
[BlackElo "1524"]
[PlyCount "65"]

1. e4 c5 2. Nf3 d6 3. d4 cxd4 4. Nxd4 Nf6 5. Nc3 a6 6. Be2 e5 7. Nb3 Be7 8. Be3
Be6 9. Nd5 Bxd5 10. exd5 Nbd7 11. a4 Nb6 12. c4 Rc8 13. Nd2 O-O 14. a5 Nbd7 15.
b4 Ne8 16. O-O Bg5 17. Bxg5 Qxg5 18. Nb3 f5 19. Rc1 Rf6 20. c5 Rg6 21. g3 dxc5
22. bxc5 f4 23. c6 bxc6 24. Bxa6 fxg3 25. hxg3 Rc7 26. Rxc6 Rcxc6 27. dxc6 Ndf6
28. Bc4+ Kf8 29. Qc1 Qh4 30. Qa3+ Nd6 31. Qxd6+ Ke8 32. Qe6+ Kd8 33. Rd1+ 1-0

[Event "Open Semana Santa 2023"]
[Site "?"]
[Date "2023.04.05"]
[Round "1.146"]
[White "Marques Montolio, Luis"]
[Black "Garijo Perez, Hugo"]
[Result "0-1"]
[WhiteElo "1519"]
[BlackElo "2125"]
[PlyCount "23"]

1. e4 c5 2. Nf3 e6 3. d4 cxd4 4. Nxd4 a6 5. Nc3 b5 6. a3 Qc7 7. Bd3 Bb7 8. O-O
Nf6 9. Bg5 Be7 10. Nf3 d6 11. Re1 Nbd7 12. b4 0-1

[Event "Open Semana Santa 2023"]
[Site "?"]
[Date "2023.04.05"]
[Round "1.148"]
[White "Ilinca Ilinca, Filip Antonio"]
[Black "O`cuilleanain, Oisin"]
[Result "0-1"]
[WhiteElo "1515"]
[BlackElo "2122"]
[PlyCount "66"]

1. c4 e6 2. Nc3 d5 3. cxd5 exd5 4. d4 c6 5. Nf3 Nf6 6. e3 Bf5 7. Bd3 Bxd3 8.
Qxd3 Bd6 9. e4 dxe4 10. Nxe4 Qe7 11. O-O Nxe4 12. Re1 f5 13. Ng5 O-O 14. f3 h6
15. Nh3 Qh4 16. Qb3+ Kh8 17. Bxh6 gxh6 18. fxe4 fxe4 19. Qe6 Qf6 20. Qxe4 Nd7
21. Qe6 Qxe6 22. Rxe6 Rf6 23. Rae1 Kg7 24. Nf2 Bxh2+ 25. Kxh2 Rxf2 26. R1e4 Nf6
27. Re7+ Kf8 28. R4e6 Re8 29. Rxe8+ Nxe8 30. Rxh6 Rxb2 31. a3 Rb3 32. Rh3 Rxh3+
33. gxh3 b5 0-1

[Event "Open Semana Santa 2023"]
[Site "?"]
[Date "2023.04.05"]
[Round "1.149"]
[White "Galstyan, David"]
[Black "Asensio Ramon, Ismael"]
[Result "1-0"]
[WhiteElo "2119"]
[BlackElo "1511"]
[PlyCount "73"]

1. e4 c5 2. Nc3 e6 3. f4 Nc6 4. Nf3 d6 5. g3 Nf6 6. d3 g6 7. e5 dxe5 8. fxe5
Nd7 9. Bf4 Bg7 10. Qe2 Nd4 11. Nxd4 cxd4 12. Ne4 Qa5+ 13. Bd2 Qxe5 14. Bb4 Bf8
15. Bxf8 Kxf8 16. O-O-O Kg7 17. Qf2 b6 18. Bg2 Bb7 19. Rde1 Rac8 20. h4 Qc7 21.
Re2 e5 22. Ng5 Rhf8 23. h5 Bxg2 24. Qxg2 Qc6 25. Qh3 Rc7 26. Rf2 h6 27. hxg6
Qxg6 28. Nf3 Rh8 29. Kb1 a5 30. Nh4 Qg5 31. Rf5 Qd2 32. Qg4+ Kf8 33. Rc1 Rg8
34. Qf3 Nc5 35. Rxe5 Nxd3 36. Qxd3 Rxc2 37. Qxc2 1-0

[Event "Open Semana Santa 2023"]
[Site "?"]
[Date "2023.04.05"]
[Round "1.150"]
[White "Jimenez Pena, Sergio"]
[Black "Cano Mateos, Pablo"]
[Result "0-1"]
[WhiteElo "1511"]
[BlackElo "2112"]
[PlyCount "80"]

1. c4 e5 2. g3 Nf6 3. Bg2 Nc6 4. Nc3 Bc5 5. e3 d6 6. Nge2 Bg4 7. a3 a6 8. b4
Ba7 9. Bb2 O-O 10. O-O Qd7 11. Re1 Rfe8 12. Qc2 Bf5 13. Ne4 Re6 14. Nxf6+ Rxf6
15. d3 Bh3 16. Nc3 Bxg2 17. Kxg2 Rh6 18. h4 f5 19. Nd5 Nd8 20. f4 c6 21. Nc3
Ne6 22. fxe5 dxe5 23. Qe2 Rg6 24. Rf1 f4 25. Ne4 Bxe3 26. Bxe5 Nd4 27. Bxd4
Qxd4 28. Rad1 fxg3 29. Qf3 Bf2 30. Qe2 Rf8 31. Rh1 Qe5 32. h5 Rh6 33. Qg4 Qb2
34. Kh3 g6 35. Qe6+ Kh8 36. Kg4 gxh5+ 37. Rxh5 Rxe6 38. Rxh7+ Kxh7 39. Ng5+ Kg8
40. Rh1 Qe2+ 0-1

[Event "Open Semana Santa 2023"]
[Site "?"]
[Date "2023.04.05"]
[Round "1.151"]
[White "FM Lorscheid, Gerhard"]
[Black "Agullo Valcarcel, Carlos"]
[Result "1-0"]
[WhiteElo "2112"]
[BlackElo "1506"]
[Annotator "Usuario"]
[PlyCount "81"]
[EventDate "2023.??.??"]

1. d4 Nf6 2. c4 e6 3. Nc3 b6 4. a3 Bb7 5. d5 d6 6. g3 Be7 7. Bg2 O-O 8. Nf3 e5
9. O-O Nbd7 10. Ne1 Re8 11. e4 Nf8 12. Nd3 a6 13. b4 Rb8 14. Be3 Bc8 15. h3
N8d7 16. Rc1 Bb7 17. Qd2 Bf8 18. Qa2 h6 19. Rfd1 c5 20. dxc6 Bxc6 21. Kh2 Qe7
$11 22. a4 Rec8 23. a5 b5 24. cxb5 axb5 25. a6 Nb6 26. a7 Rb7 27. Nxb5 Na8 28.
Nc3 Qe8 29. Qa6 Rbc7 30. b5 Bb7 31. Qa5 Rc4 32. Nb2 R4c7 33. Nba4 Nd7 34. Nd5
Rxc1 35. Rxc1 Rxc1 36. Bxc1 Qc8 37. Be3 Bxd5 38. exd5 Be7 39. Qa6 Qxa6 40. bxa6
Bd8 41. Bf1 1-0

[Event "Open Semana Santa 2023"]
[Site "?"]
[Date "2023.04.05"]
[Round "1.152"]
[White "Saiz Sapena, Veronica"]
[Black "Bevia Martinez, Luis"]
[Result "0-1"]
[WhiteElo "1506"]
[BlackElo "2111"]
[PlyCount "98"]

1. e4 c6 2. Nc3 d5 3. exd5 cxd5 4. d4 Nc6 5. Nf3 Nf6 6. Bd3 Bg4 7. Be2 e6 8. a3
Bd6 9. O-O Rc8 10. h3 Bh5 11. Nh2 Bxe2 12. Nxe2 Qc7 13. Nf3 O-O 14. Bd2 Ne4 15.
Rc1 b5 16. Nc3 Nxd2 17. Nxd2 Nxd4 18. Nde4 Bf4 19. Rb1 Qb6 20. Nd2 a5 21. Kh1
b4 22. axb4 axb4 23. Na4 Qc6 24. c3 Bxd2 25. cxd4 Qc2 26. Nc5 Qxd1 27. Rfxd1
Bg5 28. Ra1 Ra8 29. Ra6 Bf6 30. Rb6 Rfb8 31. Rxb8+ Rxb8 32. f4 Rc8 33. g3 Kf8
34. Kg2 Ke7 35. Kf3 Bxd4 36. Rxd4 Rxc5 37. Rxb4 Kd6 38. Ke3 Kc6 39. Kd4 Rb5 40.
Kc3 Rxb4 41. Kxb4 Kb6 42. h4 h5 43. Kb3 Kb5 44. Kc3 Kc5 45. Kd3 f6 46. Kc3 e5
47. f5 e4 48. b3 d4+ 49. Kd2 Kb4 0-1

[Event "Open Semana Santa 2023"]
[Site "?"]
[Date "2023.04.05"]
[Round "1.153"]
[White "Gonzalez Castillo, Jose Javier"]
[Black "Gomez Pastrana, Alba"]
[Result "1-0"]
[WhiteElo "2107"]
[BlackElo "1504"]
[PlyCount "65"]

1. e4 c5 2. Nf3 e6 3. d4 cxd4 4. Nxd4 Nf6 5. Nc3 Nc6 6. Ndb5 Bb4 7. a3 Bxc3+ 8.
Nxc3 d5 9. exd5 exd5 10. Bd3 O-O 11. O-O Ne5 12. Bg5 Nxd3 13. Qxd3 Be6 14. Rad1
h6 15. Bh4 Rc8 16. Rfe1 Rc4 17. Bg3 Qb6 18. Be5 Ng4 19. Bd4 Qd6 20. g3 a6 21.
h3 Rxd4 22. Qxd4 Nf6 23. Kh2 Qd7 24. Na4 Bxh3 25. Nb6 Qf5 26. Nxd5 Ng4+ 27. Kg1
Qf3 28. Nf4 Nf6 29. Nxh3 Qh5 30. Nf4 Qg5 31. Qd6 h5 32. Qxf8+ Kxf8 33. Rd8+ 1-0

[Event "Open Semana Santa 2023"]
[Site "?"]
[Date "2023.04.05"]
[Round "1.154"]
[White "Blanco Ros, Adrian"]
[Black "Garrido Diaz, Ernesto"]
[Result "0-1"]
[WhiteElo "1495"]
[BlackElo "2106"]
[PlyCount "50"]

1. e4 c5 2. Nf3 d6 3. d4 cxd4 4. Nxd4 Nf6 5. Nc3 g6 6. Be3 Nc6 7. f3 h5 8. Qd2
Nxd4 9. Qxd4 Bg7 10. O-O-O O-O 11. Qd2 Be6 12. Kb1 Rc8 13. Be2 a6 14. Nd5 Bxd5
15. exd5 Qc7 16. c3 b5 17. Bh6 Qb7 18. Bxg7 Kxg7 19. f4 Rc5 20. Bf3 a5 21. h3
b4 22. cxb4 axb4 23. Rhe1 Ra8 24. Re3 Rca5 25. b3 Rxa2 0-1

[Event "Open Semana Santa 2023"]
[Site "?"]
[Date "2023.04.05"]
[Round "1.155"]
[White "Torres Rebolledo, Alvaro"]
[Black "Bell, Luke"]
[Result "1-0"]
[WhiteElo "2105"]
[BlackElo "1490"]
[PlyCount "79"]

1. e4 c5 2. c3 Nf6 3. e5 Nd5 4. d4 cxd4 5. Nf3 Nc6 6. cxd4 d6 7. Bc4 dxe5 8.
dxe5 Be6 9. Ng5 Ne3 10. Qxd8+ Rxd8 11. Bxe3 Bxc4 12. b3 Ba6 13. e6 Nb4 14.
exf7+ Kd7 15. Na3 Kc8 16. Rc1+ Kb8 17. Ne6 Nd3+ 18. Kd2 Rd6 19. Nc4 Bxc4 20.
Rxc4 Ne5+ 21. Rd4 Rxe6 22. Bf4 Kc8 23. Bxe5 b6 24. Rc1+ Kb7 25. Rd7+ Ka6 26.
Bb2 Rd6+ 27. Rxd6 exd6 28. Rc8 d5 29. Ba3 Bb4+ 30. Bxb4 Rxc8 31. f8=Q Rxf8 32.
Bxf8 g6 33. Kd3 Kb5 34. Kd4 Kc6 35. f4 b5 36. g4 g5 37. fxg5 a5 38. h4 a4 39.
h5 axb3 40. axb3 1-0

[Event "Open Semana Santa 2023"]
[Site "?"]
[Date "2023.04.05"]
[Round "1.156"]
[White "Arutyunov, Mikael"]
[Black "Pons Morro, Mateo"]
[Result "0-1"]
[WhiteElo "1481"]
[BlackElo "2105"]
[PlyCount "70"]

1. e4 e5 2. Nf3 Nc6 3. Bb5 a6 4. Ba4 Nf6 5. O-O b5 6. Bb3 Be7 7. Re1 d6 8. c3
O-O 9. h3 Nb8 10. d4 Nbd7 11. Nbd2 Bb7 12. Bc2 Re8 13. Nf1 Bf8 14. Ng3 g6 15.
Bg5 h6 16. Bd2 Bg7 17. Nh2 d5 18. dxe5 Nxe4 19. Nxe4 dxe4 20. Bxe4 Bxe4 21.
Rxe4 Nxe5 22. Qc2 Qd3 23. Rc1 Rad8 24. Bf4 c5 25. Re3 Qxc2 26. Rxc2 Nc4 27.
Rxe8+ Rxe8 28. Nf3 g5 29. Bg3 f5 30. h4 f4 31. Bh2 g4 32. Bxf4 gxf3 33. gxf3
Ne5 34. Kg2 Nd3 35. Be3 Ne1+ 0-1